<?xml version="1.0" encoding="UTF-8"?>
<record
    xmlns:xsi="http://www.w3.org/2001/XMLSchema-instance"
    xsi:schemaLocation="http://www.loc.gov/MARC21/slim http://www.loc.gov/standards/marcxml/schema/MARC21slim.xsd"
    xmlns="http://www.loc.gov/MARC21/slim">

  <leader>00664nam a22001337a 4500</leader>
  <datafield tag="040" ind1=" " ind2=" ">
    <subfield code="c">RUA</subfield>
  </datafield>
  <datafield tag="082" ind1=" " ind2=" ">
    <subfield code="a">ANS SOE 2018 B648 Or.1</subfield>
  </datafield>
  <datafield tag="100" ind1=" " ind2=" ">
    <subfield code="a">SOEM KAI &#x179F;&#x17CA;&#x17B9;&#x1798; &#x1780;&#x17C3;</subfield>
  </datafield>
  <datafield tag="245" ind1=" " ind2=" ">
    <subfield code="a">effact of tryptophan supplementation to concentrated feed on growth performance of fattening pigs (14-60KG) &#x17A5;&#x1791;&#x17D2;&#x1792;&#x17B7;&#x1796;&#x179B;&#x1793;&#x17C3;&#x1780;&#x17B6;&#x179A;&#x1794;&#x1793;&#x17D2;&#x1790;&#x17C2;&#x1798; TRYPTOPHAN &#x1793;&#x17C5;&#x1780;&#x17D2;&#x1793;&#x17BB;&#x1784;&#x1785;&#x17C6;&#x178E;&#x17B8;&#x179F;&#x1798;&#x17D2;&#x179A;&#x17C1;&#x1785;&#x179B;&#x17BE;&#x1780;&#x17B6;&#x179A;&#x179B;&#x17BC;&#x178F;&#x179B;&#x17B6;&#x179F;&#x17CB;&#x179A;&#x1794;&#x179F;&#x17CB;&#x1787;&#x17D2;&#x179A;&#x17BC;&#x1780;&#x179F;&#x17B6;&#x1785;&#x17CB;&#x1796;&#x17B8;&#x1791;&#x1798;&#x17D2;&#x1784;&#x1793;&#x17CB; &#x17E1;&#x17E4; &#x1791;&#x17C5;&#x17E6;&#x17E0;&#x1782;&#x17B8;&#x17A1;&#x17BC;&#x1780;&#x17D2;&#x179A;&#x17C4;&#x1798;</subfield>
  </datafield>
  <datafield tag="260" ind1=" " ind2=" ">
    <subfield code="a">RUA</subfield>
    <subfield code="b">Phnom penh</subfield>
    <subfield code="c">2018</subfield>
  </datafield>
  <datafield tag="300" ind1=" " ind2=" ">
    <subfield code="a">x;42p</subfield>
    <subfield code="b">ill;</subfield>
    <subfield code="c">29cm</subfield>
  </datafield>
  <datafield tag="856" ind1=" " ind2=" ">
    <subfield code="u">SOEM KAI</subfield>
  </datafield>
  <datafield tag="942" ind1=" " ind2=" ">
    <subfield code="c">ANS</subfield>
  </datafield>
  <datafield tag="999" ind1=" " ind2=" ">
    <subfield code="c">18259</subfield>
    <subfield code="d">18259</subfield>
  </datafield>
  <datafield tag="952" ind1=" " ind2=" ">
    <subfield code="0">0</subfield>
    <subfield code="1">0</subfield>
    <subfield code="2">ddc</subfield>
    <subfield code="4">0</subfield>
    <subfield code="6">ANS_SOE_2018_000000000000000_B648_OR_1</subfield>
    <subfield code="7">0</subfield>
    <subfield code="9">81846</subfield>
    <subfield code="a">LBB</subfield>
    <subfield code="b">LBB</subfield>
    <subfield code="c">B648</subfield>
    <subfield code="d">2019-10-02</subfield>
    <subfield code="o">ANS SOE 2018 B648 Or.1</subfield>
    <subfield code="p">A42541</subfield>
    <subfield code="r">2019-10-02</subfield>
    <subfield code="w">2019-10-02</subfield>
    <subfield code="y">ANS</subfield>
  </datafield>
  <datafield tag="952" ind1=" " ind2=" ">
    <subfield code="0">0</subfield>
    <subfield code="1">0</subfield>
    <subfield code="2">ddc</subfield>
    <subfield code="4">0</subfield>
    <subfield code="6">ANS_SOE_2018_000000000000000_B648_OR_2</subfield>
    <subfield code="7">0</subfield>
    <subfield code="9">81847</subfield>
    <subfield code="a">LBB</subfield>
    <subfield code="b">LBB</subfield>
    <subfield code="c">B648</subfield>
    <subfield code="d">2019-10-02</subfield>
    <subfield code="o">ANS SOE 2018 B648 Or.2</subfield>
    <subfield code="p">A43742</subfield>
    <subfield code="r">2019-10-02</subfield>
    <subfield code="w">2019-10-02</subfield>
    <subfield code="y">ANS</subfield>
  </datafield>
  <datafield tag="952" ind1=" " ind2=" ">
    <subfield code="0">0</subfield>
    <subfield code="1">0</subfield>
    <subfield code="2">ddc</subfield>
    <subfield code="4">0</subfield>
    <subfield code="6">ANS_SOE_2018_000000000000000_B648_OR_3</subfield>
    <subfield code="7">0</subfield>
    <subfield code="9">81848</subfield>
    <subfield code="a">LBB</subfield>
    <subfield code="b">LBB</subfield>
    <subfield code="c">B648</subfield>
    <subfield code="d">2019-10-02</subfield>
    <subfield code="o">ANS SOE 2018 B648 Or.3</subfield>
    <subfield code="p">A43667</subfield>
    <subfield code="r">2019-10-02</subfield>
    <subfield code="w">2019-10-02</subfield>
    <subfield code="y">ANS</subfield>
  </datafield>
  <datafield tag="952" ind1=" " ind2=" ">
    <subfield code="0">0</subfield>
    <subfield code="1">0</subfield>
    <subfield code="2">ddc</subfield>
    <subfield code="4">0</subfield>
    <subfield code="6">ANS_SOE_2018_000000000000000_B648_OR_4</subfield>
    <subfield code="7">0</subfield>
    <subfield code="9">81849</subfield>
    <subfield code="a">LBB</subfield>
    <subfield code="b">LBB</subfield>
    <subfield code="c">B648</subfield>
    <subfield code="d">2019-10-02</subfield>
    <subfield code="o">ANS SOE 2018 B648 Or.4</subfield>
    <subfield code="p">A43737</subfield>
    <subfield code="r">2019-10-02</subfield>
    <subfield code="w">2019-10-02</subfield>
    <subfield code="y">ANS</subfield>
  </datafield>
  <datafield tag="952" ind1=" " ind2=" ">
    <subfield code="0">0</subfield>
    <subfield code="1">0</subfield>
    <subfield code="2">ddc</subfield>
    <subfield code="4">0</subfield>
    <subfield code="6">ANS_SOE_2018_000000000000000_B648_OR_5</subfield>
    <subfield code="7">0</subfield>
    <subfield code="9">81850</subfield>
    <subfield code="a">LBB</subfield>
    <subfield code="b">LBB</subfield>
    <subfield code="c">B648</subfield>
    <subfield code="d">2019-10-02</subfield>
    <subfield code="o">ANS SOE 2018 B648 Or.5</subfield>
    <subfield code="p">A44131</subfield>
    <subfield code="r">2019-10-02</subfield>
    <subfield code="w">2019-10-02</subfield>
    <subfield code="y">ANS</subfield>
  </datafield>
  <datafield tag="952" ind1=" " ind2=" ">
    <subfield code="0">0</subfield>
    <subfield code="1">0</subfield>
    <subfield code="2">ddc</subfield>
    <subfield code="4">0</subfield>
    <subfield code="6">ANS_SOE_2018_000000000000000_B648_OR_6</subfield>
    <subfield code="7">0</subfield>
    <subfield code="9">81851</subfield>
    <subfield code="a">LBB</subfield>
    <subfield code="b">LBB</subfield>
    <subfield code="c">B648</subfield>
    <subfield code="d">2019-10-02</subfield>
    <subfield code="o">ANS SOE 2018 B648 Or.6</subfield>
    <subfield code="p">A44281</subfield>
    <subfield code="r">2019-10-02</subfield>
    <subfield code="w">2019-10-02</subfield>
    <subfield code="y">ANS</subfield>
  </datafield>
</record>
